[Event "Southwest op 83rd"]
[Site "Irving"]
[Date "2017.09.02"]
[Round "5"]
[White "Hernandez Carmenates, Holden"]
[Black "Vazquez, Guillermo"]
[Result "0-1"]
[WhiteElo "2502"]
[BlackElo "2450"]
[Annotator "Vazquez,G"]
[PlyCount "52"]
[EventDate "2017.08.31"]
[EventType "swiss"]
[EventRounds "9"]
[EventCountry "USA"]
[SourceTitle "CBM 182"]
[Source "ChessBase"]
[SourceDate "2018.01.17"]
[SourceVersion "1"]
[SourceVersionDate "2018.01.17"]
[SourceQuality "1"]

1. d4 f5 {Having started with 0.5/4, I was looking for a win here so I tried
to play an ambitious and unbalanced opening.} 2. Nc3 d5 3. g3 {I do not really
understand this move, since it allows Black to get a comfortable Stonewall
structure with White's pawn on c2, instead of c4.} (3. Bg5) 3... Nf6 4. Bg2 g6
{I felt I could try to punish my opponent's passive setup by developing the
dark-squared bishop to g7 and playing for c7-c5 quickly. My last move seems to
provoke Bg5 and I was fine with it, because I could get a more unbalanced
position.} (4... c6 {is a normal and a solid move, aiming to play a Stonewall.}
) (4... c5 $5 {this could have been played immediately.}) 5. Bg5 c6 6. Qd2 (6.
Bxf6 exf6 {is the kind of equal but unbalanced position I was aiming for.
Black has the bishop pair, while White has a very solid structure and h4-h5
ideas.}) 6... Nbd7 {I was trying to avoid playing ...Bg7 too early so that I
could save a tempo, if White goes Bg5-h6.} (6... Bg7 {allows} 7. Bh6) 7. h4 h6
{After this it will be difficult for Black to castle, but I could not find any
useful move for Black that does not make h4-h5 or Bg5-h6 even more dangerous.
Fortunately, with a white pawn on h4, Black has an idea to play Nf6-g4,
defending h6 and preparing e7-e5.} 8. Bf4 Bg7 9. O-O-O {Consistent with
previous moves. Now White should try to open the centre with f2-f3 and e2-e4.}
(9. Nf3 Ng4 {should be completely fine for Black, as White lacks a clear plan.}
) 9... b5 {I wanted to drive the c3-knight away from the centre so that the
idea of opening the centre with f2-f3 and e2-e4 would lose strength.} ({
I also considered} 9... Ng4 $5 10. Nh3 e5 11. dxe5 Ngxe5 {but I was not sure
about the consequences of} 12. Bxd5 cxd5 13. Nxd5 {. Black had though} O-O $1
14. Bxh6 $2 Nc4 $19) 10. f3 b4 $6 {I played this because I thought I was
forcing the knight to retreat to b1.} (10... Nb6 11. b3 b4 $36 {is a better
version for Black than in the game.}) 11. Nb1 $6 (11. Na4 $1 {with the idea}
Qa5 12. b3 Nb6 13. Nc5 Qxa2 14. Qxb4 $14) 11... a5 12. Nh3 {I got what I
wanted, a very complex and unbalanced position.} Nb6 {I wanted to play Be6-f7
to have g6 well covered, but perhaps this plan was too slow.} (12... c5 13.
dxc5 e5 {seemed tempting, but White had} 14. c6 $14) (12... Ra6 {was another
move I was thinking about, with the idea of playing c6-c5 and not allowing
White to have the resource c5-c6, but it seemed too artificial and gave White
a lot of play:} 13. Rhe1 c5 14. e4 $13) (12... Bb7 {was probably the best move,
aiming to play c7-c5, but as I mentioned before I wanted this bishop on f7 or
e6.}) (12... Qb6 {is also another interesting try.}) 13. b3 Be6 14. Nf2 {
Continuing with e2-e4 idea.} (14. Be5 $5 Nbd7 $5 (14... O-O 15. Nf4 Bf7 {
is safer, though White will continue} 16. e4 $13) 15. Nf4 Bf7 16. g4 {seemed
scary at first glance, but then I saw that I had an interesting piece
sacrifice.} fxg4 17. fxg4 O-O (17... Nxe5 $2 18. dxe5 Nxg4 19. e6 $16) 18. g5
Nxe5 19. gxf6 $6 (19. dxe5 {and the position remains very complicated.} Ng4 20.
h5 $13) 19... exf6 20. dxe5 fxe5 $36) 14... Nh5 15. Nd3 (15. e4 Nxf4 16. gxf4
O-O $13 {Black has the bishop pair but White has a good semi-open g-file to
attack Black's king. I trusted Black's chances here, but the position remains
unclear.}) 15... Nd7 {I am not sure this is the best move, but I saw a line
that led to an interesting piece sacrifice and I could not resist playing it.}
(15... Nxf4 16. Nxf4 Bf7 17. e4 $13) (15... Bf7 {might be a good prophylactic
move, defending g6 and removing the hanging bishop from e6.}) ({Black can
sacrifice a pawn with} 15... Bxd4 16. Nxb4 Bf6 17. Nxc6 Qc8 {but the position
remains unclear} 18. Nd4 Bf7 19. e4 $13) 16. e4 {The logical move. Actually
White has no other plan.} Qb6 $1 {This is the piece sacrifice I mentioned. Now
both sides have forced moves.} 17. exf5 {Taking up the challenge. I did not
consider any other move for White in this position.} ({Engines suggest} 17. Nb2
{, which I did not even consider, and after that move White just admits that
he has a worse position.}) 17... Bxf5 $1 (17... gxf5 18. Rhe1 $16) 18. g4 {
White really has no other move.} Bxd3 19. gxh5 (19. Be3 {was a defensive
resource I missed and my opponent mentioned it to me after the game, but it
fails to} Nf4 $3 {(pointed out by the engine, of course) with a similar
position to that in the game after} 20. Bxf4 Qxd4) 19... Qxd4 $1 (19... Bf5 {
is also playable, but the game move is stronger.} 20. hxg6 a4 21. Bh3 $13) 20.
cxd3 a4 {The only move to justify the piece sacrifice and this is the move
White underestimated. It is difficult to see such a quiet move while defending.
The threat is to take on b3 and play Nc5 to attack both b3 and d3 or some
infiltration in the a-file with Qa1-Ra2.} (20... Nc5 $2 21. Be3 $1 Nxd3+ 22.
Kc2 Qe5 23. Kxd3 {White's king is in front of all White's pieces but Black has
no pieces left to attack.}) (20... Qa1 21. d4 $18) 21. Be3 $2 ({It was
difficult to find the best defence:} 21. Rde1 axb3 22. axb3 Nc5 (22... Ra1 23.
Be3) 23. Be3 Nxb3+ 24. Kd1 Nxd2 25. Bxd4 Bxd4 26. Nxd2 gxh5 $17 {and Black is
better, but White can still try to hold.}) 21... Qa1 {Now White cannot defend.}
22. Qc2 axb3 23. Qxb3 O-O {It is always nice to play such a quiet move. I
could not find a direct win, so I thought I should just bring the h8-rook into
the attack.} ({I calculated} 23... Ra3 24. Qxb4 Rc3+ 25. Kd2 Qxa2+ 26. Ke1 Qxg2
27. Rg1 Qxf3 28. Nxc3 {and somehow I missed the forced mate with} Bxc3+ (28...
Qxe3+ 29. Ne2 O-O 30. Rxg6 {is what I saw, so I tried to find something better.
}) 29. Qxc3 Qxe3+ 30. Kf1 O-O+) 24. Bh3 (24. d4 Ra3 25. Qxb4 Rxe3 $19) 24...
Rxa2 25. Rd2 Ra3 26. Qd1 Qxb1+ (26... Qxb1+ 27. Kxb1 Ra1+ 28. Kc2 b3+ 29. Kxb3
Rb8+ 30. Kc2 Rb2#) 0-1

[Event "EU-Cup 25th"]
[Site "Ohrid"]
[Date "2009.10.07"]
[Round "4.3"]
[White "Sakaev, Konstantin"]
[Black "Volokitin, Andrei"]
[Result "0-1"]
[WhiteElo "2625"]
[BlackElo "2681"]
[Annotator "Volokitin,A"]
[PlyCount "116"]
[EventDate "2009.10.04"]
[EventType "team-swiss"]
[EventRounds "7"]
[EventCountry "MKD"]
[SourceTitle "CBM 133"]
[Source "ChessBase"]
[SourceDate "2009.11.19"]
[SourceVersion "1"]
[SourceVersionDate "2009.11.19"]
[SourceQuality "1"]
[WhiteTeam "St Petersburg"]
[BlackTeam "Skopje Alkaloid"]
[WhiteTeamCountry "RUS"]
[BlackTeamCountry "MKD"]

1. d4 f5 2. Nc3 {Sakaev chooses an interesting variation against the Dutch.
Sakaev wählt eine andere interessante Variante gegen Holländisch.} d5 $1 ({
In my opinion the position after Meiner Meinung nach ist die Stellung nach} 
2... Nf6 3. Bg5 {is always somewhat better for White on account of the
structure. immer etwas besser für Weiß wegen der Struktur.}) 3. Bf4 a6 $5 {
I wanted to completely exclude the possibility of Ng5. I had planned to play ..
.a6 in any case,. For example after Ich wollte die Möglichkeit Nb5 komplett
ausschalten. Ich hatte geplant, auf jeden Fall a6 zu spielen, zum Beispiel nach
} (3... Nf6 4. e3 e6 5. Nf3 a6) 4. e3 Nf6 5. Nf3 e6 {I have analysed this
position for White and I was very surprised how difficult it is for White to
find an advantage in it. I am convinced that ...a6, with the idea of playing ..
.c5, is playable.  Ich habe diese Stellung für Weiß analysiert und ich war
sehr überrascht, wie schwer es für Weiß ist, Vorteil zu finden. Ich bin
überzeugt, dass a6 mit der Idee c5 spielbar ist.} 6. Ne5 {Other possibilities
are Andere Möglichkeiten sind} (6. Bd3 c5) (6. Be2 c5) 6... Nbd7 $1 {Logical.
The knight on e5 has to be contested at once.  Logisch, sofort soll der
Springer e5 bekämpft werden.} 7. g4 {That was the main idea behind Das war die
Hauptidee von Ne5.} Nxe5 $1 {The principled move!  Prinzipiell gespielt!} 8.
dxe5 Nxg4 9. h3 Nh6 10. Bxh6 gxh6 11. Qh5+ Kd7 {All these moves were forced.
Now White has various possibilities.  Alle Züge waren forciert. Jetzt hat Weiß
verschiedene Möglichkeiten.} 12. O-O-O ({An interesting move was Interessant
war} 12. Rg1 {(directed against Qg5) (gegen Qg5 gerichtet)} c6 $1 ({Wandering
about with the black king is not so strong. Die Wanderung des schwarzen Königs
ist nicht so stark.} 12... Kc6 13. O-O-O Kb6 14. Qf7 $1 Ka7 (14... c6 15. Ne2
$1 Bd7 16. Nf4 $1 Qe7 (16... Qe8 17. Qf6) 17. Qxe7 Bxe7 18. Rg7 Rae8 19. Be2
Bc8 20. Bh5 Bf8 21. Rf7 Be7 22. Rg7 $11) 15. Ne2 $1 Bd7 16. Nf4 Qe8 17. Qf6 Be7
18. Qxh6 $11) 13. O-O-O ({After - Nach-} 13. e4 Kc7 14. exf5 exf5 15. O-O-O Bc5
$1 {is the same variation. ist die gleiche Variante.}) 13... Kc7 14. e4 Bc5 $1
{It is very important to occupy this diagonal. For example Es ist sehr wichtig,
diese Diagonale zu besetzen. Zum Beispiel} 15. exf5 exf5 16. Qxh6 Bxf2 17. Rg2
Bc5 18. Na4 Bf8 19. Qd2 Qh4 20. Qa5+ Kb8 21. Nb6 Bb4 22. Qa4 Ka7 $1 23. c4 (23.
a3 Kxb6 24. axb4 Kc7 $15) 23... Bc5 24. Nxa8 Be3+ $1 25. Kb1 Kxa8 $17) ({
Zu früh ist} 12. e4 {is premature:} fxe4 13. Nxe4 Be7 14. O-O-O (14. Qxh6 Qf8
$17) 14... Qf8 $1 15. Kb1 Kc6 $1 $17 {A pawn up, the bishop pair and the king
is very safely placed. Ein Bauer mehr, Läuferpaar und der König steht sehr
zuverlässig.}) 12... Qg5 {This move is not obligatory. Dieser Zug ist nicht
obligatorisch.} ({There was the simple and strong Einfach und stark war} 12...
c6 $1 13. Rg1 Kc7 $15) 13. Qf3 c6 14. Ne2 $1 Kc7 15. Rg1 Qe7 16. Qf4 {After
this move my opponent offered a draw. I had a very optimistic evaluation of my
position, however. Nach diesen Zug hat mein Gegner ein Remisangebot gemacht.
Ich habe meine Stellung jedoch sehr optimistisch beurteilt.} Bd7 17. Nd4 ({
Another logical move was Auch logisch war} 17. c4 {In this case, some
calculating needs to be done: In diesem Fall muss man rechnen:} Qc5 18. Nc3
dxc4 {I assume that my opponent had not seen e4. Ich vermute, dass mein Gegner
e4 nicht gesehen hat.} 19. e4 (19. Qxc4 $2 Qxe5 $17) (19. Bxc4 $2 b5 $1 20. Bb3
b4 $19) {But after Aber nach} 19... Be7 $1 20. h4 Raf8 21. Rg7 Bc8 22. Rd6 Re8
23. exf5 exf5 24. Rxh6 Kb8 25. Rhxh7 Rxh7 26. Rxh7 Bd8 $15 {the bishop pair is
particularly strong. ist das Läuferpaar besonders stark.}) 17... Qf7 {
Intending... Rg8 and ...c5. Mit der Idee Rg8 und c5.} ({The immediate Sofort} 
17... c5 {is not so strong on account of ist nicht so stark wegen} 18. Nxf5 $1
Qf7 19. Ng3 Qxf4 20. exf4 Be7 21. c4 $1 d4 22. Bd3 Raf8 23. Nh5 $11 {The
position is almost level. Die Stellung ist fast ausgeglichen.}) 18. c4 $2 ({
Stärker wäre} 18. Be2 $1 {would be stronger:} c5 (18... Rg8 $2 19. Bh5 $1) 19.
Nb3 Rd8 20. Bf3 b6 $1 21. c4 $1 (21. Bxd5 $2 exd5 22. e6+ Bd6 23. Qxd6+ Kxd6
24. exf7 Ke6 $15) 21... dxc4 22. Qxc4 Bb5 23. Qc3 Rg8 24. Nd4 Rxg1 25. Nxb5+
axb5 26. Rxg1 Qd7 27. Rd1 Qc8 28. Rxd8 Kxd8 29. Be2 $11 {The position is level.
Die Stellung ist ausgeglichen.}) 18... Rg8 $1 $15 {Now Black is simply better.
Jetzt steht Schwarz einfach besser.} 19. Rxg8 Qxg8 20. cxd5 cxd5 21. Kb1 Qg5 {
Another strong move was the simple Auch stark war einfach} (21... Rc8 $15) 22.
Qh2 (22. Rc1+ Kb8 23. Qh2 Ka7 $15) 22... Rc8 23. h4 Qg7 {A slightly unusual
move, because the queen is better on d8-b6. Ein bisschen seltsamer Zug, weil
die Dame auf d8-b6 besser steht.} (23... Qd8 $1 24. Nxf5 exf5 25. Rxd5 {
During the game, I evaluated this variation as better for White. But after
Während der Partie habe ich diese Variante als besser für Weiß eingeschätzt.
Aber nach} Kc6 $3 26. Bg2 Qc7 $3 $19 {Black wins! Fantastic! Unfortunately I
did not see this move. gewinnt Schwarz! Fantastisch! Ich habe diesen Zug
leider nicht gesehen.}) 24. Bd3 Kb6 25. Rg1 Qe7 26. h5 {A strange move. Ein
seltsamer Zug.} ({Better was Besser war} 26. a3 $15) 26... Qb4 27. f4 ({
Here it was also obligatory to play Hier war auch obligatorisch} 27. a3 Qa5 28.
Bc2 Ka7 $15 {In any case it is very hard to play this for White. Auf jeden
Fall ist das mit Weiss sehr schwer zu spielen.}) 27... Ka7 28. Qf2 {Sakaev had
already reached the time trouble phase. Hier war Sakaev schon in der
Zeitnotphase.} Qb6 29. Qd2 Be8 {I didn't yet see the correct plan for Black
here. Ich habe hier noch nicht den richtigen Plan für Schwarz gesehen.} ({
Stärker war} 29... Ba4 $1 {would be stronger. This diagonal is very important.
Diese Diagonale ist sehr wichtig.} 30. Qf2 Ba3 31. Ka1 Bc5 32. Kb1 Rc7 $1 $17 {
And Black is better. For example Und Schwarz steht besser. Zum Beispiel} 33.
Ka1 Bxd4 34. exd4 Bb5 35. Bb1 Rc4 36. Rd1 Be8 $1) 30. Be2 ({A better move is
Besser ist} 30. Qd1 $15) 30... Bb4 (30... Ba4 $1) 31. Qd1 Bc5 $2 {A mistake.
At this point I too was in time trouble. Ein Fehler. Hier war ich nun auch in
Zeitnot.} (31... Bd7 $1 $15 {Intending Mit der Idee} 32. Rg7 Rc7) 32. Qd2 $2 {
Konstantin was no longer thinking of active moves. In the meantime after
Konstantin hat nicht mehr an aktive Züge gedacht, inzwischen nach} (32. Rg7 $1
a5 $1 33. Qd3 ({Zu gefährlich ist} 33. Rxh7 $2 {is too dangerous:} a4 34. Rxh6
a3 35. b3 Qb4 36. Qd3 Qe1+ 37. Bd1 Qg1 $15 {with the initiative. mit Initiative
}) 33... Ba4 $1 (33... a4 $2 34. a3 $16) 34. b3 Be8 35. Rxh7 Ba3 36. Nc2 Bf8
37. Qd4 Bc5 38. Qd2 Bf8 $11 {the position is level. ist die Stellung
ausgeglichen.}) 32... Ba4 $1 {At last!  Endlich!} 33. Bd1 $2 {A mistake. There
was the more stubborn Ein Fehler, beharrlicher war} (33. Rc1 $1 Rc7 $15) 33...
Bxd4 34. Qxd4 Qxd4 35. exd4 Bxd1 36. Rxd1 Rg8 $1 $17 {Now Black has a major
advantage. Whether he can win... I don't know.  Jetzt hat Schwarz großen
Vorteil. Ob Schwarz gewinnt, ich weiss nicht.} 37. Kc2 ({Another possibility
was Eine andere Möglichkeit war} 37. Rc1 Kb8 $1 {The squares c7, c8 are very
important. Die Punkte c7, c8 sind sehr wichtig.} 38. a4 Rg4 39. Rf1 a5 $17)
37... Rg4 38. Rf1 Kb6 39. Kd3 Rg3+ 40. Kd2 Rg2+ 41. Kc3 {The time trouble
phase is over. There is now time to consider things calmly. Die Zeitnotphase
ist beendet. Es gibt Zeit in Ruhe alles zu bedenken.} Kb5 42. Rc1 $1 Rh2 {
After the game, I was not satisfied with this move. Nach der Partie war ich
unzufrieden mit diesem Zug.} ({The best practical chance came after Beste
praktische Chance gab der Zug} 42... a5 $1 43. b3 ({After Nach} 43. Kd3 Rxb2
44. Rc7 b6 45. Re7 (45. Rxh7 Rxa2 46. Rxh6 a4 47. Rxe6 a3 48. Re8 Rh2 49. e6
Rxh5 50. Ra8 Rh7 51. e7 Rxe7 52. Rxa3 Rh7 53. Rb3+ Ka5 54. Rb1 Rh3+ 55. Ke2 Rh4
56. Ke3 b5 57. Rc1 b4 58. Rc5+ Ka4 59. Rxd5 b3 $19) 45... Rxa2 46. Rxe6 Ra3+
47. Kc2 Kc4 48. Rxb6 Kxd4 49. Rxh6 Rc3+ 50. Kd2 Rc7 51. Ra6 Ke4 52. Rxa5 Re7
53. Ra4+ d4 54. Ke2 Kxf4 55. Rxd4+ Kxe5 56. Ra4 Kf6+ 57. Kf3 Kg5 {The endgame
with the f- and h-pawns is a draw. Das Endspiel mit f- und h-Bauern ist remis.}
) 43... Kc6 44. a4 (44. Kd3+ Kd7 45. a4 Rg3+ 46. Ke2 b6 {The same variation.
Die gleiche Variante.}) 44... Rg3+ 45. Kd2+ Kd7 46. Ke2 b6 47. Rb1 Kc6 48. Rc1+
Kb7 49. Rb1 b5 50. axb5 Kb6 51. Rc1 Kxb5 52. Rc5+ Kb4 53. Rc6 Rxb3 54. Rxe6 Kc4
55. Rxh6 Rb7 56. Ra6 Kxd4 57. Rxa5 Ke4 58. Ra4+ d4 59. Kf2 Kxf4 60. Rxd4+ Kxe5
61. Ra4 Kf6 {This ending also offers practical chances for a win. Auch dieses
Endspiel bietet praktische Chancen auf Gewinn.}) (42... Rf2 {This move sets no
problems. Dieser Zug stellt keine Probleme.} 43. b3 $3 Rxf4 44. Kd3 Rf3+ 45.
Kd2 {White has sufficient counterplay for a draw. Weiß hat genügend Gegenspiel
für Remis.}) 43. Kb3 $2 {A mistake. Ein Fehler.} ({The best defence was Die
beste Verteidigung war} 43. Kd3 $1 Rxh5 44. Rc7 Rh3+ 45. Kd2 b6 46. Re7 Kc4 47.
Rxe6 Kxd4 48. Rxb6 a5 49. e6 $15 {And the chances of a draw are greater than
those for a win. Und die Chancen auf Remis sind größer als auf Gewinn.}) 43...
Rxh5 $2 ({Stärker war} 43... Rh3+ $1 {would be stronger:} 44. Rc3 Rxc3+ 45.
bxc3 $1 (45. Kxc3 Ka4 46. Kc2 Kb4 47. b3 Ka3 48. Kb1 a5 49. Ka1 b5 50. Kb1 a4
51. bxa4 bxa4 52. Ka1 Kb4 $19) 45... a5 46. a4+ Kb6 $1 {I didn't see this move
during the game. Während der Partie habe ich diesen Zug nicht gesehen.} 47. c4
dxc4+ 48. Kxc4 Kc6 49. Kc3 $1 Kd5 50. Kd3 b6 51. Kc3 Ke4 52. Kc4 Kxf4 53. Kd3
Kg5 54. d5 exd5 55. Kd4 f4 56. Kxd5 f3 57. e6 f2 58. e7 f1=Q 59. e8=Q Qf4 {
With good chances of a win. Mit großen Gewinnchancen.}) 44. Rc7 Rh3+ 45. Kc2
Rh4 ({After Nach-} 45... b6 46. Kd2 Rh2+ 47. Kc3 Rf2 48. Rxh7 Rf3+ 49. Kd2 Kc4
50. Rxh6 Rxf4 51. Rxe6 Rxd4+ 52. Kc2 Kc5 53. Rf6 f4 54. Rf7 Re4 55. Kd3 Re3+
56. Kd2 Rxe5 57. Rxf4 {The chances of a draw are high. Die Chancen auf Remis
sing groß.}) 46. Rxb7+ $2 {The decisive mistake. The draw was so close!
Entscheidender Fehler. Das Remis war so nah!} (46. Kd3 $1 Rh3+ 47. Kd2 b6 48.
Re7 $1 Kc4 49. Rxe6 Rf3 50. Rxb6 a5 51. Rxh6 Rxf4 52. Rxh7 Rxd4+ 53. Kc2 Re4
54. Rf7 Re2+ 55. Kd1 Rxe5 56. Kd2 Kd4 57. Ra7 f4 58. Rxa5 f3 59. Ra4+ Kc5 60.
Rf4 $11) 46... Kc4 $19 {Now the king is very active and Black wins.  Jetzt ist
der König sehr aktiv und Schwarz gewinnt.} 47. Ra7 Rxf4 48. Rxa6 Rf2+ $1 49.
Kb1 Kxd4 50. Rxe6 Re2 {I wanted to take the e5-pawn straight away. Ich wollte
den Bauern e5 sofort nehmen.} ({Also sufficient is Auch genug ist} 50... f4 51.
Re8 h5 $1 52. e6 h4 53. e7 Re2 54. Rf8 Rxe7 55. Rxf4+ Kd3 56. a4 Re4 $19) 51.
a4 Rxe5 52. Rf6 Ke3 53. Kc2 (53. a5 d4 54. a6 d3 55. a7 d2 56. a8=Q d1=Q+ 57.
Ka2 Qd5+ 58. Qxd5 Rxd5 $19) (53. b4 f4 54. a5 Re4 55. Kc2 Rxb4 $19) 53... d4
54. b4 d3+ 55. Kc3 f4 56. Rd6 Ke2 57. Rxd3 (57. a5 f3 58. Rxd3 f2 59. Rd2+ Kf3
60. Rxf2+ Kxf2 61. Kc4 h5 $19) (57. b5 f3 58. Rxd3 Re3 59. Rxe3+ Kxe3 60. b6 f2
61. b7 f1=Q 62. b8=Q Qc1+ 63. Kb4 Qb2+ $19) 57... Re3 $1 58. Rxe3+ fxe3 0-1

[Event "EU-ch 1st"]
[Site "Saint Vincent"]
[Date "2000.07.06"]
[Round "4"]
[White "Miles, Anthony John"]
[Black "Berg, Emanuel"]
[Result "1/2-1/2"]
[WhiteElo "2584"]
[BlackElo "2456"]
[Annotator "Wells,P"]
[PlyCount "81"]
[EventDate "2000.07.03"]
[EventType "swiss"]
[EventRounds "11"]
[EventCountry "ITA"]
[SourceTitle "CBM 078"]
[Source "ChessBase"]
[SourceDate "2000.10.18"]
[SourceVersion "1"]
[SourceVersionDate "2000.10.18"]
[SourceQuality "1"]

1. d4 f5 2. Bg5 c6 3. c4 Qb6 4. Qd2 d6 5. f4 g6 6. Nc3 Bg7 7. e3 Nd7 8. Nf3
Ngf6 9. Bd3 e5 10. c5 Qb4 11. fxe5 dxe5 12. O-O O-O 13. a3 Qa5 14. dxe5 Ng4 15.
Bc4+ Kh8 16. e6 Nde5 17. e7 Re8 18. Ba2 Qxc5 19. Rac1 h6 20. Ne4 Qb6 21. Nd6
Bd7 22. Nxe5 Nxe5 23. Nxe8 Rxe8 $16 24. Bf7 (24. Bh4 Qc7 $1 25. e4 Ng4 26. Bg3
Be5 27. Bxe5+ Qxe5 28. Rf4 $16 {looks clearly better for white. Surely though,
the point is that white was in no doubt that he would be winning in the
position around move 28.}) 24... hxg5 25. Bxe8 Bxe8 26. Qd8 Qxe3+ 27. Kh1 Ng4
28. Qxe8+ Kh7 {[%csl Ge3,Re8,Gg4,Gg7,Rh1,Rh2,Gh7] As I said in the text, I
find it amazing that this position is probably a draw. Still, we can but
admire the co-operation in black's camp. The queen and knight combine superbly
to create threats - ...Nf2+ is a winning threat at present. Moreover, the g7
bishop, which plays a critical attacking role in the next note, has in general
a function of shielding the king and ensuring that white's queen cannot return
to the fray with tempo.} 29. h3 (29. Rc2 Qe5 $1 {[%csl Rh2]} 30. g3 Qe4+ 31.
Rg2 Ne3 32. Rfg1 Nxg2 33. Rxg2 Qb1+ $11) 29... Nf2+ 30. Rxf2 Qxc1+ 31. Kh2 Be5+
32. g3 Qe3 33. Qf7+ Kh6 34. Qxg6+ (34. Rg2 f4 $1 35. gxf4 Bxf4+ 36. Kh1 Qe1+ (
36... Qxh3+ 37. Kg1 Be3+ 38. Rf2 Qg4+ 39. Kh1 Bxf2 40. Qf8+ Kh7 $11) 37. Rg1
Qe4+ $11) 34... Kxg6 35. e8=Q+ Kg7 36. Qd7+ Kh6 37. Qe6+ Kg7 38. Qe7+ Kg6 39.
Qe8+ Kg7 40. Qd7+ Kh6 41. Qe6+ 1/2-1/2